[Event "2011 Southern Alberta Open"]
[Site "Calgary"]
[Date "2011.11.20"]
[Round "4.2"]
[White "Gardner, Robert"]
[Black "Nguyen, Kim"]
[Result "1-0"]
[WhiteElo "2279"]
[BlackElo "2174"]
[PlyCount "64"]
[EventDate "2011.11.19"]
[EventType "swiss"]
[EventRounds "5"]
[EventCountry "CAN"]

1. d4 Nf6 2. c4 g6 3. Nc3 Bg7 4. e4 d6 5. Nf3 O-O 6. h3 e5 7. d5 Na6 8. Bg5 h6
9. Be3 Nc5 10. Nd2 a5 11. g4 c6 12. Be2 Bd7 13. h4 Nh7 14. Nb3 Nxb3 15. Qxb3 a4
16. Nxa4 cxd5 17. Nb6 d4 18. Nxa8 dxe3 19. Nb6 exf2+ 20. Kxf2 Bc6 21. Nd5 f5
22. gxf5 gxf5 23. exf5 Rxf5+ 24. Kg3 Qe8 25. Raf1 Bxd5 26. cxd5 Rxf1 27. Rxf1
e4 28. Bg4 Be5+ 29. Kh3 Nf6 30. Be6+ Kh8 31. Qxb7 Qg6 32. Qb8+ Kg7 1-0

[Event "2011 Southern Alberta Open"]
[Site "Calgary"]
[Date "2011.11.20"]
[Round "5.1"]
[White "Kazmaier, Daniel"]
[Black "Gardner, Robert"]
[Result "1-0"]
[WhiteElo "2279"]
[BlackElo "2279"]
[PlyCount "89"]
[EventDate "2011.11.19"]
[EventType "swiss"]
[EventRounds "5"]
[EventCountry "CAN"]

1. d4 Nf6 2. Nf3 e6 3. c4 b6 4. g3 Ba6 5. Qa4 Be7 6. Bg2 O-O 7. Nc3 d5 8. Ne5
c6 9. cxd5 cxd5 10. O-O b5 11. Qd1 b4 12. Na4 Qa5 13. Re1 Rc8 14. Bd2 Nbd7 15.
Nxd7 Nxd7 16. a3 Bb5 17. axb4 Bxb4 18. Nc3 Qb6 19. Nxd5 exd5 20. Bxb4 Bc4 21.
Qd2 Rab8 22. Bc3 Nf6 23. f3 Re8 24. e4 dxe4 25. fxe4 Re7 26. Kh1 Rbe8 27. Qf4
Qb7 28. e5 Nd5 29. Qf2 Qb3 30. Ra3 Qb6 31. Qc2 Rd7 32. Qa4 Bb5 33. Qb3 a6 34.
Raa1 Qh6 35. Qd1 Rc8 36. Bd2 Qb6 37. Ba5 Qb7 38. e6 fxe6 39. Rxe6 Bc6 40. Qh5
g6 41. Qe5 Ne7 42. Rxc6 Rxc6 43. d5 Rcd6 44. Bc3 Nf5 45. Qe8# 1-0

[Event "2011 Southern Alberta Open"]
[Site "Calgary"]
[Date "2011.11.28"]
[Round "5.2"]
[White "Yam, Alex"]
[Black "Nguyen, Kim"]
[Result "1/2-1/2"]
[WhiteElo "2308"]
[BlackElo "2174"]
[PlyCount "128"]
[EventDate "2011.11.19"]
[EventType "swiss"]
[EventRounds "5"]
[EventCountry "CAN"]

1. e4 c5 2. c3 d5 3. exd5 Qxd5 4. d4 Nc6 5. Nf3 Bg4 6. Be2 cxd4 7. cxd4 e6 8.
Nc3 Qa5 9. h3 Bh5 10. d5 exd5 11. Nd4 Nxd4 12. Bxh5 Ne6 13. O-O Nf6 14. Re1 g6
15. Bf3 Be7 16. Bh6 Rd8 17. Qb3 Rd7 18. Rad1 d4 19. Ne4 Nxe4 20. Bxe4 Qh5 21.
Bxb7 Nc5 22. Qc4 Nxb7 23. Rxd4 Qc5 24. Rxd7 Kxd7 25. Qxf7 Qd6 26. Bg5 Re8 27.
Bf4 Rf8 28. Qxf8 Bxf8 29. Bxd6 Nxd6 30. Re3 Bg7 31. Ra3 Bd4 32. Ra4 Bc5 33. g4
Ke6 34. Kg2 Kd5 35. b3 g5 36. f4 gxf4 37. Rxf4 Be3 38. Rf8 Ke4 39. h4 h6 40. a4
a5 41. Rd8 Nf7 42. Re8+ Ne5 43. Kf1 Kf4 44. g5 hxg5 45. hxg5 Bd2 46. Ke2 Bb4
47. Rg8 Kf5 48. Ke3 Bc5+ 49. Kd2 Bb4+ 50. Kc2 Ng6 51. Rb8 Kxg5 52. Rxb4 axb4
53. Kd3 Kf5 54. Kc4 Ke5 55. Kc5 Ke6 56. a5 Kd7 57. Kxb4 Kc6 58. Ka4 Ne5 59. b4
Nd7 60. b5+ Kc5 61. a6 Kb6 62. Kb4 Nb8 63. a7 Kxa7 64. Kc5 Kb7 1/2-1/2

[Event "2011 Southern Alberta Open"]
[Site "Calgary"]
[Date "2011.11.28"]
[Round "5.3"]
[White "Gold, Itohan"]
[Black "Haessel, Dale"]
[Result "0-1"]
[WhiteElo "2139"]
[BlackElo "2300"]
[PlyCount "144"]
[EventDate "2011.11.19"]
[EventType "swiss"]
[EventRounds "5"]
[EventCountry "CAN"]

1. e4 e5 2. Nf3 Nf6 3. Nxe5 d6 4. Nf3 Nxe4 5. d4 d5 6. h3 Bd6 7. Bd3 O-O 8. O-O
Re8 9. Re1 Bf5 10. c4 c6 11. Nc3 Nxc3 12. Rxe8+ Qxe8 13. bxc3 Bxd3 14. Qxd3 Nd7
15. cxd5 cxd5 16. c4 dxc4 17. Qxc4 Rc8 18. Qd5 Rc6 19. Bg5 Nb6 20. Qb3 Qe6 21.
Re1 Qxb3 22. Re8+ Bf8 23. axb3 f6 24. Bf4 Nd5 25. Bb8 a6 26. Rd8 Nb6 27. Ba7
Kf7 28. d5 Rc1+ 29. Kh2 Bc5 30. Bxb6 Bxb6 31. Rd7+ Kg6 32. Nh4+ Kg5 33. g3 Rc7
34. Rxc7 Bxc7 35. f4+ Kh5 36. Nf5 Kg6 37. Nd4 Kf7 38. Kg2 Ke7 39. Kf3 Kd6 40.
Ke4 g6 41. g4 Bd8 42. Ne6 Be7 43. Kd4 b6 44. Ke4 f5+ 45. gxf5 gxf5+ 46. Kxf5
Kxd5 47. Nc7+ Kc6 48. Ke6 Bd6 49. Nd5 a5 50. f5 b5 51. Nc3 Bb4 52. Ne2 a4 53.
f6 a3 54. Nc1 Bf8 55. Na2 Kc5 56. Ke5 b4 57. h4 Bh6 58. h5 Bf8 59. f7 Kc6 60.
Ke6 Kc7 61. Kd5 Kd7 62. Kc4 Ke6 63. Nxb4 Kxf7 64. Na2 Kf6 65. b4 Kg5 66. Kb3
Kxh5 67. Kxa3 Kg4 68. Kb3 h5 69. Nc1 h4 70. Nd3 Kg3 71. Nc5 h3 72. Ne4+ Kg2 0-1

[Event "2012 Canadian Junior"]
[Site "Calgary"]
[Date "2012.01.05"]
[Round "1"]
[White "Cao, Jason"]
[Black "MacKinnon, Keith"]
[Result "0-1"]
[WhiteElo "2053"]
[BlackElo "2349"]
[PlyCount "104"]
[EventDate "2012.01.05"]
[EventType "swiss"]
[EventRounds "7"]
[EventCountry "CAN"]
[TimeControl "5400"]

1. e4 c5 2. Nf3 e6 3. d4 cxd4 4. Nxd4 a6 5. Bd3 Bc5 6. Nb3 Be7 7. O-O Qc7 8.
Nc3 d6 9. Be3 Nd7 10. f4 Ngf6 11. Qf3 b5 12. e5 Bb7 13. Qg3 dxe5 14. fxe5 Nxe5
15. Bf4 Qb6+ 16. Be3 Qc7 17. Bf4 Bd6 18. Nd4 Nh5 19. Bxb5+ axb5 20. Ncxb5 Nxg3
21. Nxc7+ Bxc7 22. Bxg3 Rd8 23. c3 Rd5 24. Rfe1 Kd7 25. b4 Ra8 26. a4 Nd3 27.
Re3 Nxb4 28. Rb1 Rxa4 29. Rf3 f6 30. Bxc7 Kxc7 31. Nxe6+ Kd7 32. Nxg7 Rd2 33.
Rf2 Rxf2 34. Kxf2 Ra2+ 35. Ke3 Nc2+ 36. Kd3 Bxg2 37. Nh5 f5 38. Ng3 f4 39. Nh5
f3 40. Nf4 Kd6 41. c4 Ke5 42. Nh5 f2 43. Ng3 Ra3+ 44. Kxc2 Rxg3 45. hxg3 Be4+
46. Kd2 Bxb1 47. Ke2 Bd3+ 48. Kxf2 Bxc4 49. Kf3 Kf5 50. Ke3 Kg4 51. Kf2 Bd5 52.
Kf1 Kxg3 0-1

[Event "2012 Canadian Junior"]
[Site "Calgary"]
[Date "2012.01.05"]
[Round "1"]
[White "Wang, Richard"]
[Black "De Guzman, Jeff Anthony"]
[Result "1-0"]
[WhiteElo "2306"]
[BlackElo "1992"]
[PlyCount "59"]
[EventDate "2012.01.05"]
[EventType "swiss"]
[EventRounds "7"]
[EventCountry "CAN"]
[TimeControl "5400"]

1. d4 Nf6 2. Nf3 d5 3. e3 c5 4. c4 cxd4 5. exd4 Bg4 6. Nc3 e6 7. h3 Bxf3 8.
Qxf3 Nc6 9. Be3 Bb4 10. Bd3 Qa5 11. O-O Bxc3 12. bxc3 Qxc3 13. cxd5 Nxd5 14.
Be4 Nxd4 15. Bxd4 Qxd4 16. Rad1 Qb6 17. Bxd5 exd5 18. Rfe1+ Kf8 19. Rxd5 Qc6
20. Qa3+ Kg8 21. Qxa7 Rc8 22. Rc5 Qd7 23. Qa4 g6 24. Qxd7 Rxc5 25. Re8+ Kg7 26.
Qd4+ f6 27. Qd7+ Kh6 28. Rxh8 f5 29. Rxh7+ Kg5 30. Qe7+ 1-0

[Event "2012 Edmonton Championship"]
[Site "Edmonton"]
[Date "2012.01.05"]
[Round "1.1"]
[White "Gardner, Robert"]
[Black "Seehagen, Terry"]
[Result "1-0"]
[WhiteElo "2308"]
[BlackElo "1824"]
[PlyCount "47"]
[EventDate "2012.01.05"]
[EventType "k.o."]
[EventRounds "4"]
[EventCountry "CAN"]

1. d4 Nf6 2. c4 e5 3. dxe5 Ng4 4. Nf3 Bc5 5. e3 Nc6 6. a3 a5 7. b3 Ncxe5 8. Bb2
Qf6 9. Ra2 Nxf3+ 10. gxf3 Ne5 11. f4 Qc6 12. Qd5 Nf3+ 13. Ke2 Qxd5 14. cxd5 Nh4
15. Bxg7 Rg8 16. Bf6 Nf5 17. Rc2 d6 18. Ke1 Rg6 19. Bb2 Nh4 20. Bd3 Bf5 21.
Bxf5 Nxf5 22. Nc3 Rg2 23. Na4 Bxe3 24. Re2 1-0

[Event "2012 Edmonton Championship"]
[Site "Edmonton"]
[Date "2012.01.12"]
[Round "1.2"]
[White "Majaducon, Willy"]
[Black "Porper, Edward"]
[Result "0-1"]
[WhiteElo "1776"]
[BlackElo "2495"]
[PlyCount "88"]
[EventDate "2012.01.05"]
[EventType "k.o."]
[EventRounds "4"]
[EventCountry "CAN"]

1. d4 d5 2. c4 c6 3. e3 a6 4. Nc3 Nf6 5. Nf3 Bf5 6. Be2 h6 7. Qb3 Ra7 8. O-O e6
9. c5 Nbd7 10. a4 Qc7 11. a5 Be7 12. Qd1 Ne4 13. Nxe4 Bxe4 14. Nd2 Bg6 15. f4
Nf6 16. Nf3 Ne4 17. Ne5 Bh7 18. Bh5 O-O 19. Bd2 Bf6 20. Be1 Qe7 21. Bf3 Raa8
22. Ra3 Bxe5 23. fxe5 f6 24. Bh4 Ng5 25. Bxg5 hxg5 26. exf6 Rxf6 27. Rb3 Raf8
28. h3 Qc7 29. Qe1 Bc2 30. Ra3 g4 31. hxg4 Rh6 32. g3 Rhf6 33. Be2 Rxf1+ 34.
Bxf1 Rf3 35. Kh2 Qf7 36. Bg2 Rf6 37. Rc3 Be4 38. Bxe4 Rf1 39. Qxf1 Qxf1 40. Bg2
Qd1 41. Kh3 Qb1 42. e4 Qxb2 43. Rd3 Qb1 44. Rd2 Qc1 0-1

[Event "2012 Edmonton Championship"]
[Site "Edmonton"]
[Date "2012.01.12"]
[Round "1.2"]
[White "Seehagen, Terry"]
[Black "Gardner, Robert"]
[Result "0-1"]
[WhiteElo "1824"]
[BlackElo "2308"]
[PlyCount "51"]
[EventDate "2012.01.05"]
[EventType "k.o."]
[EventRounds "4"]
[EventCountry "CAN"]

1. e4 c5 2. Nc3 a6 3. Bc4 e6 4. a4 Nc6 5. f4 d6 6. Nf3 Nf6 7. d3 d5 8. exd5
exd5 9. Bb3 Be7 10. O-O Bg4 11. Ne2 O-O 12. Kh1 Qd7 13. c3 d4 14. Ne5 Nxe5 15.
fxe5 Nd5 16. Qe1 dxc3 17. Nxc3 Nxc3 18. Qxc3 Be2 19. e6 fxe6 20. Re1 Qxd3 21.
Bxe6+ Kh8 22. Qe5 Bd6 23. Qe3 Rae8 24. Ra3 Qxe3 25. Rxe3 Bh5 26. Rd1 0-1

[Event "2012 Northern Alberta Open"]
[Site "Edmonton"]
[Date "2012.02.19"]
[Round "5"]
[White "Ottosen, David"]
[Black "Porper, Edward"]
[Result "0-1"]
[WhiteElo "2084"]
[BlackElo "2495"]
[PlyCount "50"]
[EventDate "2012.02.18"]
[EventType "swiss"]
[EventRounds "5"]
[EventCountry "CAN"]

1. e4 d6 2. d4 Nf6 3. Nc3 e5 4. Nf3 Nbd7 5. Bc4 Be7 6. h3 O-O 7. Be3 c6 8. Bb3
b5 9. g4 b4 10. g5 bxc3 11. gxf6 Nxf6 12. bxc3 Nxe4 13. dxe5 d5 14. Nd4 Qa5 15.
Bd2 Bd7 16. Qf3 c5 17. Bxd5 Nxd2 18. Kxd2 cxd4 19. Bxa8 Qxc3+ 20. Qxc3 dxc3+
21. Kxc3 Rxa8 22. Rad1 Rc8+ 23. Kb2 Bf5 24. c3 Rb8+ 25. Kc1 Bg5+ 0-1

[Event "2012 Northern Alberta Open"]
[Site "Edmonton"]
[Date "2012.02.19"]
[Round "5"]
[White "Pechenkin, Vladimir"]
[Black "Gluckie, Jamin"]
[Result "1-0"]
[WhiteElo "2320"]
[BlackElo "2108"]
[PlyCount "105"]
[EventDate "2012.02.18"]
[EventType "swiss"]
[EventRounds "5"]
[EventCountry "CAN"]

1. c4 f5 2. g3 Nf6 3. Bg2 e6 4. Nf3 Be7 5. O-O O-O 6. Nc3 d6 7. b4 a5 8. b5 e5
9. d3 Qe8 10. Ba3 Nbd7 11. Rc1 Qh5 12. Nd5 Nxd5 13. cxd5 Bd8 14. e4 fxe4 15.
dxe4 b6 16. Nd2 Qh6 17. Nc4 Rf7 18. Rc3 Nf8 19. Bc1 Bg5 20. Ne3 Qg6 21. Qc2 Bd8
22. Nc4 Nd7 23. Be3 Nc5 24. Bxc5 bxc5 25. a4 Qh5 26. Qd1 Bg4 27. f3 Bh3 28.
Bxh3 Qxh3 29. Qd2 Rf6 30. Ra3 Rg6 31. Rf2 h5 32. Rg2 Bg5 33. f4 Bf6 34. f5 Rg4
35. Qe1 Kf7 36. Nxa5 h4 37. Nc4 Rh8 38. Qe2 hxg3 39. Raxg3 Rxg3 40. Rxg3 Qh6
41. Qd2 Qh4 42. Qg2 Qf4 43. Nd2 Ra8 44. Ra3 Bg5 45. Nf1 Qc1 46. Qh3 Bf4 47. f6
gxf6 48. Qe6+ Kg7 49. Qd7+ Kg6 50. Rh3 Bh6 51. Rg3+ Bg5 52. h4 Rh8 53. Qf5+ 1-0

[Event "ECC Capablanca Classic"]
[Site "Edmonton"]
[Date "2012.03.15"]
[Round "3"]
[White "Wang, Richard"]
[Black "Ottosen, David"]
[Result "1-0"]
[WhiteElo "2380"]
[BlackElo "2080"]
[PlyCount "63"]
[EventDate "2012.03.01"]
[EventType "swiss"]
[EventRounds "5"]
[EventCountry "CAN"]

1. d4 d5 2. Nf3 Nc6 3. e3 Bg4 4. Nbd2 e5 5. h3 Bxf3 6. Nxf3 e4 7. Nd2 Nce7 8.
c4 c6 9. Be2 f5 10. O-O Nf6 11. b3 Ng6 12. f3 Bd6 13. fxe4 fxe4 14. cxd5 cxd5
15. Bb5+ Ke7 16. a4 a6 17. Be2 Rc8 18. Bb2 Qd7 19. Nb1 Bb8 20. Rxf6 gxf6 21.
Nc3 Kf7 22. Bg4 Qd6 23. Bxc8 Qh2+ 24. Kf1 Bg3 25. Qg4 Qh1+ 26. Ke2 Qxg2+ 27.
Kd1 Qf1+ 28. Kc2 Qd3+ 29. Kc1 Be1 30. Be6+ Ke7 31. Nxd5+ Kd8 32. Qd1 1-0

[Event "2012 Alberta Closed"]
[Site "Edmonton"]
[Date "2012.04.06"]
[Round "1"]
[White "Kazmaier, Daniel"]
[Black "Reeve, Jeff"]
[Result "0-1"]
[WhiteElo "2204"]
[BlackElo "2244"]
[PlyCount "120"]
[EventDate "2012.04.06"]
[EventType "tourn"]
[EventRounds "5"]
[EventCountry "CAN"]
[TimeControl "5400"]

1. e4 c5 2. Nf3 d6 3. c3 Nf6 4. Be2 Bd7 5. d3 Nc6 6. Nbd2 g6 7. a4 Bg7 8. O-O
O-O 9. Nc4 d5 10. exd5 Nxd5 11. Qb3 Qc7 12. a5 h6 13. Re1 Rad8 14. a6 b6 15. g3
Bg4 16. Qa4 Qd7 17. Nfe5 Nxe5 18. Nxe5 Qxa4 19. Rxa4 Bxe2 20. Rxe2 e6 21. d4
cxd4 22. Rxd4 Nc7 23. Rc4 Nxa6 24. Nf3 Rd1+ 25. Re1 Rfd8 26. Kf1 Nc5 27. b4 Na4
28. Bd2 R1xd2 29. Nxd2 Rxd2 30. Rc8+ Bf8 31. c4 Kg7 32. Ra1 Nb2 33. Rxa7 Bxb4
34. Rcc7 Kf6 35. Rxf7+ Ke5 36. Rg7 g5 37. Rg6 Nd3 38. Rf7 Bc5 39. Rxh6 Rxf2+
40. Rxf2 Nxf2 41. Ke2 g4 42. Rh5+ Ke4 43. Rh4 Ke5 44. Rh5+ Kd6 45. Rh6 Ke7 46.
Rh7+ Kf6 47. Rh6+ Kf7 48. Rh5 Bd4 49. Rh7+ Kg6 50. Rd7 e5 51. Rd8 Bc5 52. Rg8+
Kf5 53. Rh8 Nh3 54. Rh5+ Ng5 55. Kd3 e4+ 56. Ke2 Bd4 57. Rh6 Bf6 58. Ke3 Nf3
59. h4 gxh3 60. Rxh3 Bd4+ 0-1

[Event "2012 Alberta Closed"]
[Site "Edmonton"]
[Date "2012.04.06"]
[Round "1"]
[White "Wang, Richard"]
[Black "Porper, Edward"]
[Result "1/2-1/2"]
[WhiteElo "2289"]
[BlackElo "2438"]
[PlyCount "50"]
[EventDate "2012.04.06"]
[EventType "tourn"]
[EventRounds "5"]
[EventCountry "CAN"]
[TimeControl "5400"]

1. d4 Nf6 2. Nf3 e6 3. e3 b6 4. Bd3 Bb7 5. O-O d5 6. b3 Bd6 7. Bb2 O-O 8. Ne5
c5 9. Nd2 Nc6 10. a3 Rc8 11. f4 Ne7 12. Qe2 Ne4 13. Rfd1 cxd4 14. Bxd4 Nf5 15.
Bxe4 dxe4 16. Ndc4 f6 17. Nxd6 Qxd6 18. Ng4 Qc7 19. c4 Rcd8 20. Bc3 a5 21. Rxd8
Rxd8 22. Rd1 Rd6 23. a4 Qd8 24. Rxd6 Qxd6 25. Qd2 Qc7 1/2-1/2

[Event "2012 Alberta Closed"]
[Site "Edmonton"]
[Date "2012.04.06"]
[Round "1"]
[White "Yam, Alex"]
[Black "Pechenkin, Vladimir"]
[Result "1-0"]
[WhiteElo "2246"]
[BlackElo "2309"]
[PlyCount "79"]
[EventDate "2012.04.06"]
[EventType "tourn"]
[EventRounds "5"]
[EventCountry "CAN"]
[TimeControl "5400"]

1. e4 Nf6 2. e5 Nd5 3. Nc3 e6 4. Nxd5 exd5 5. Qf3 c6 6. d4 d6 7. Bf4 dxe5 8.
dxe5 Be6 9. Qb3 Qb6 10. Nf3 Bc5 11. Bg3 h6 12. c3 Nd7 13. Qc2 a5 14. O-O-O
O-O-O 15. Nd4 Nf8 16. Nb3 Be7 17. f4 g6 18. Bf2 c5 19. Bd3 Qc7 20. c4 d4 21.
Nd2 Bd7 22. Bg3 Ne6 23. Rhf1 Bc6 24. Ne4 Ng7 25. Nd6+ Rxd6 26. exd6 Bxd6 27.
Rde1 f5 28. Kb1 Rf8 29. Bh4 Rf7 30. g3 Kb8 31. Rf2 Ka7 32. Ka1 b6 33. Qd2 h5
34. Bf1 Be7 35. Bxe7 Rxe7 36. Bg2 Be4 37. Rfe2 Qb7 38. Qc2 d3 39. Qxd3 Rd7 40.
Bxe4 1-0

[Event "2012 Alberta Closed"]
[Site "Edmonton"]
[Date "2012.04.07"]
[Round "2"]
[White "Kazmaier, Daniel"]
[Black "Wang, Richard"]
[Result "0-1"]
[WhiteElo "2204"]
[BlackElo "2289"]
[PlyCount "88"]
[EventDate "2012.04.06"]
[EventType "tourn"]
[EventRounds "5"]
[EventCountry "CAN"]
[TimeControl "5400"]

1. Nf3 {[%emt 0:00:00]} c5 2. c4 Nc6 3. e3 e5 4. Nc3 Nf6 5. d4 cxd4 6. exd4 e4
7. Ng5 Bb4 8. d5 Bxc3+ 9. bxc3 Na5 10. Ba3 d6 11. Qa4+ Bd7 12. Qb4 O-O 13. Qxd6
Re8 14. Bb4 e3 15. fxe3 h6 16. Nxf7 Kxf7 17. O-O-O Rc8 18. Rd4 Rxe3 19. Bd3
Rxd3 20. Rxd3 Nxc4 21. Qf4 a5 22. Rd4 Bb5 23. Re1 axb4 24. d6 Kf8 25. d7 Bxd7
26. Rxc4 bxc3 27. Rxc8 Qxc8 28. Qb4+ Kg8 29. Qb3+ Kh8 30. Re3 Qc6 31. Rxc3 Qxg2
32. Rc2 Qg5+ 33. Kb2 Qe5+ 34. Ka3 Bc6 35. Qb4 h5 36. h4 Kh7 37. Rc5 Nd5 38. Qd2
Qe7 39. Qc2+ g6 40. Kb2 Qxh4 41. a3 Qd4+ 42. Ka2 Kg7 43. Rc4 Qe5 44. Rc5 h4 0-1

[Event "2012 Alberta Closed"]
[Site "Edmonton"]
[Date "2012.04.07"]
[Round "2"]
[White "Porper, Edward"]
[Black "Yam, Alex"]
[Result "1-0"]
[WhiteElo "2438"]
[BlackElo "2246"]
[PlyCount "39"]
[EventDate "2012.04.06"]
[EventType "tourn"]
[EventRounds "5"]
[EventCountry "CAN"]
[TimeControl "5400"]

1. d4 Nf6 2. Nf3 e6 3. c4 c5 4. d5 exd5 5. cxd5 Bd6 6. Nc3 O-O 7. Bg5 Re8 8. e3
h6 9. Bh4 Bc7 10. d6 Ba5 11. Bc4 g5 12. Bxg5 hxg5 13. Nxg5 Re6 14. Qf3 Nc6 15.
Qg3 Kf8 16. O-O Bxc3 17. bxc3 Qa5 18. e4 Ke8 19. Rad1 b5 20. Qh4 1-0

[Event "2012 Alberta Closed"]
[Site "Edmonton"]
[Date "2012.04.07"]
[Round "3"]
[White "Pechenkin, Vladimir"]
[Black "Porper, Edward"]
[Result "1/2-1/2"]
[WhiteElo "2410"]
[BlackElo "2466"]
[PlyCount "104"]
[EventDate "2012.04.06"]
[EventType "tourn"]
[EventRounds "5"]
[EventCountry "CAN"]
[TimeControl "5400"]

1. c4 c6 2. g3 d5 3. Nf3 Nf6 4. Bg2 Bg4 5. Ne5 Be6 6. cxd5 Bxd5 7. Nf3 c5 8.
Nc3 Bc6 9. O-O e6 10. d3 Be7 11. e4 O-O 12. Qe2 Qb6 13. Rd1 Rd8 14. Be3 Nbd7
15. h3 Qa6 16. Qc2 b5 17. a4 b4 18. Ne2 Qb7 19. Nd2 Rac8 20. Nc4 Qa6 21. b3 Nb6
22. Ne5 Be8 23. f4 Nfd7 24. Nc4 Nb8 25. g4 Nc6 26. g5 Nd4 27. Nxd4 cxd4 28. Bf2
e5 29. Bg3 Nxc4 30. dxc4 exf4 31. Bxf4 Qe6 32. Qd3 Bc6 33. Rf1 Qg6 34. h4 Bd6
35. Bxd6 Rxd6 36. Rf5 Re8 37. Raf1 Re7 38. R1f4 h5 39. Bf3 Qe6 40. Kg2 g6 41.
Ra5 Qd7 42. e5 Rde6 43. Qxd4 Bxf3+ 44. Kxf3 Qb7+ 45. Re4 Rd7 46. Rd5 Ree7 47.
Kg3 Qc6 48. Re3 Rxd5 49. cxd5 Qc1 50. d6 Qg1+ 51. Kf3 Qf1+ 52. Kg3 Qg1+ 1/2-1/2

[Event "2012 Alberta Closed"]
[Site "Edmonton"]
[Date "2012.04.07"]
[Round "3"]
[White "Wang, Richard"]
[Black "Reeve, Jeff"]
[Result "1-0"]
[WhiteElo "2414"]
[BlackElo "2335"]
[PlyCount "41"]
[EventDate "2012.04.06"]
[EventType "tourn"]
[EventRounds "5"]
[EventCountry "CAN"]
[TimeControl "5400"]

1. d4 Nf6 2. Nf3 g6 3. c4 Bg7 4. Nc3 O-O 5. e4 d6 6. h3 e5 7. d5 a5 8. Bg5 Na6
9. Be2 Qe8 10. g4 Nd7 11. a3 f5 12. gxf5 gxf5 13. Nh4 Nf6 14. Rg1 Kh8 15. exf5
e4 16. Qd2 Nc5 17. Bh6 Nd3+ 18. Kf1 Bxh6 19. Qxh6 Rf7 20. Bxd3 exd3 21. Re1 1-0

[Event "2012 Alberta Closed"]
[Site "Edmonton"]
[Date "2012.04.07"]
[Round "3"]
[White "Yam, Alex"]
[Black "Kazmaier, Daniel"]
[Result "1-0"]
[WhiteElo "2364"]
[BlackElo "2336"]
[PlyCount "59"]
[EventDate "2012.04.06"]
[EventType "tourn"]
[EventRounds "5"]
[EventCountry "CAN"]
[TimeControl "5400"]

1. e4 {[%emt 0:00:00]} e6 2. d4 d5 3. Nd2 c5 4. c3 Nc6 5. Ngf3 Nf6 6. Bd3 cxd4
7. cxd4 dxe4 8. Nxe4 Be7 9. O-O O-O 10. Be3 Nb4 11. Bb1 Bd7 12. a3 Nbd5 13. Ne5
Bb5 14. Re1 a5 15. Bd2 Nb6 16. Qb3 Ba4 17. Qh3 g6 18. Ng5 Bd7 19. Qh6 Bc6 20.
Nxg6 hxg6 21. Nxe6 fxe6 22. Qxg6+ Kh8 23. Re3 Bxg2 24. Rg3 Rf7 25. Qxf7 Qg8 26.
Qxe7 Nbd5 27. Qd6 Be4 28. Bxe4 Nxe4 29. Qe5+ Ndf6 30. Re1 1-0

[Event "2012 Alberta Reserves"]
[Site "Edmonton"]
[Date "2012.04.07"]
[Round "1"]
[White "Pradzinski, Tim"]
[Black "Frier, Ken"]
[Result "1-0"]
[WhiteElo "1927"]
[BlackElo "1484"]
[PlyCount "75"]
[EventDate "2012.04.07"]
[EventType "swiss"]
[EventRounds "5"]
[EventCountry "CAN"]
[TimeControl "5400"]

1. e4 {[%emt 0:00:00]} c5 {[%emt 0:00:00]} 2. Nf3 d6 3. d4 cxd4 4. Nxd4 Nf6 5.
Nc3 a6 6. Bg5 e6 7. f4 Be7 8. Qf3 Qc7 9. O-O-O O-O 10. Bd3 Re8 11. g4 b5 12. h4
Bb7 13. h5 Nbd7 14. Bh4 Ne5 15. Rde1 Nxd3+ 16. Qxd3 Rac8 17. Kb1 Nd7 18. Bxe7
Rxe7 19. g5 Nc5 20. Qf3 Ree8 21. g6 h6 22. gxf7+ Qxf7 23. Rhg1 Rf8 24. Rg4 Rc7
25. b4 Nd7 26. Reg1 Nf6 27. Rxg7+ Qxg7 28. Rxg7+ Rxg7 29. Nxe6 Rg1+ 30. Kb2 Re8
31. f5 Kh8 32. Qe3 Rg5 33. Qd4 Kh7 34. Nxg5+ hxg5 35. Qxf6 Rg8 36. Qxd6 g4 37.
Ne2 Kh8 38. Qh6# 1-0

[Event "2012 Alberta Reserves"]
[Site "Edmonton"]
[Date "2012.04.07"]
[Round "1"]
[White "Razzaq, Ali"]
[Black "Yao, David"]
[Result "1-0"]
[WhiteElo "1849"]
[BlackElo "1285"]
[PlyCount "71"]
[EventDate "2012.04.07"]
[EventType "swiss"]
[EventRounds "5"]
[EventCountry "CAN"]
[TimeControl "5400"]

1. c4 {[%emt 0:00:00]} e5 {[%emt 0:00:00]} 2. Nc3 {[%emt 0:00:00]} Nf6 3. g3 c6
4. e4 Bc5 5. Bg2 d6 6. Nge2 Be6 7. d3 Qb6 8. Na4 Bb4+ 9. Bd2 Bxd2+ 10. Qxd2 Qc7
11. O-O Nbd7 12. Rac1 b6 13. a3 O-O 14. h3 Nc5 15. Nxc5 bxc5 16. f4 exf4 17.
Nxf4 Qd7 18. b4 cxb4 19. axb4 d5 20. e5 Ne8 21. cxd5 cxd5 22. Qc2 Rc8 23. Qxc8
Qxc8 24. Rxc8 Bxc8 25. Nxd5 Ba6 26. Be4 g6 27. Ne7+ Kg7 28. Nc6 f5 29. Bg2 Bxd3
30. Rd1 Be2 31. Rd2 Bc4 32. Nxa7 Rf7 33. Nc8 Ba6 34. Rd8 Re7 35. Nxe7 Kf7 36.
Nd5 1-0

[Event "2012 Alberta Reserves"]
[Site "Edmonton"]
[Date "2012.04.07"]
[Round "1"]
[White "Sequillion, Aaron"]
[Black "Sekuloff, Mike"]
[Result "1-0"]
[WhiteElo "2064"]
[BlackElo "1582"]
[PlyCount "51"]
[EventDate "2012.04.07"]
[EventType "swiss"]
[EventRounds "5"]
[EventCountry "CAN"]
[TimeControl "5400"]

1. e4 {[%emt 0:00:00]} e6 {[%emt 0:00:00]} 2. d4 {[%emt 0:00:00]} Be7 3. c4 d5
4. Nc3 c5 5. cxd5 Nf6 6. Bb5+ Nbd7 7. dxe6 fxe6 8. d5 O-O 9. d6 a6 10. dxe7
Qxe7 11. Bxd7 Bxd7 12. Nf3 Rad8 13. Qe2 e5 14. Bg5 Bg4 15. O-O h6 16. Bxf6 Rxf6
17. Qc4+ Be6 18. Nd5 Bxd5 19. exd5 Rf4 20. d6+ Qf7 21. Qxf7+ Rxf7 22. Nxe5 Rf4
23. Rad1 Rd4 24. Rxd4 cxd4 25. d7 Kf8 26. Rd1 1-0

[Event "2012 Alberta Reserves"]
[Site "Edmonton"]
[Date "2012.04.07"]
[Round "3"]
[White "Daniluk, Jim"]
[Black "Sequillion, Aaron"]
[Result "1-0"]
[WhiteElo "1937"]
[BlackElo "2046"]
[PlyCount "59"]
[EventDate "2012.04.07"]
[EventType "swiss"]
[EventRounds "5"]
[EventCountry "CAN"]
[TimeControl "5400"]

1. d4 Nf6 2. c4 g6 3. Nf3 Bg7 4. g3 O-O 5. Bg2 d6 6. O-O Nbd7 7. Nc3 e5 8. h3
c6 9. e4 exd4 10. Nxd4 Re8 11. Re1 a5 12. Be3 Nc5 13. Qc2 a4 14. b4 axb3 15.
axb3 Rxa1 16. Rxa1 Qe7 17. Re1 Nfxe4 18. Nxc6 bxc6 19. Bxc5 dxc5 20. Rxe4 Qd8
21. Qe2 Rxe4 22. Nxe4 Bd4 23. Nd2 Kg7 24. Bxc6 Qd6 25. Bg2 Qxg3 26. Ne4 Qf4 27.
Qd2 Qh4 28. b4 Bxh3 29. bxc5 Qg4 30. Qxd4+ 1-0

[Event "2012 Alberta Reserves"]
[Site "Edmonton"]
[Date "2012.04.07"]
[Round "3"]
[White "Yearwood, Roy"]
[Black "Smith, Kevin"]
[Result "1-0"]
[WhiteElo "2163"]
[BlackElo "1822"]
[PlyCount "45"]
[EventDate "2012.04.07"]
[EventType "swiss"]
[EventRounds "5"]
[EventCountry "CAN"]
[TimeControl "5400"]

1. e4 {[%emt 0:00:00]} e5 2. Nf3 Nc6 3. Bc4 Bc5 4. b4 Bxb4 5. c3 Ba5 6. d4 exd4
7. O-O d6 8. cxd4 Nf6 9. d5 Ne7 10. Qa4+ c6 11. dxc6 bxc6 12. e5 dxe5 13. Ba3
Qc7 14. Ng5 Nfd5 15. Bxd5 Nxd5 16. Ne4 Be6 17. Nd6+ Kd8 18. Qxa5 Rb8 19. Qd2 c5
20. Ne4 c4 21. Bd6 Qb6 22. Bxb8 Qxb8 23. Nec3 1-0

[Event "2012 Alberta Reserves"]
[Site "Edmonton"]
[Date "2012.04.08"]
[Round "3"]
[White "White, Chris"]
[Black "Pedersen, Rick"]
[Result "0-1"]
[WhiteElo "1792"]
[BlackElo "1908"]
[PlyCount "58"]
[EventDate "2012.04.07"]
[EventType "swiss"]
[EventRounds "5"]
[EventCountry "CAN"]
[TimeControl "5400"]

1. d4 Nf6 2. c4 g6 3. Nc3 Bg7 4. e4 d6 5. Nf3 O-O 6. Be2 Nc6 7. O-O e5 8. dxe5
Nxe5 9. Nxe5 dxe5 10. Qxd8 Rxd8 11. Bg5 c6 12. Rad1 Be6 13. f4 Rxd1 14. Rxd1
Ng4 15. fxe5 Nxe5 16. c5 Re8 17. b3 h6 18. Bc1 Nd7 19. Na4 Bf8 20. Bd3 Bg7 21.
Rd2 Ne5 22. h3 g5 23. Nb2 Kf8 24. Nc4 Nxc4 25. Bxc4 Bxc4 26. bxc4 Rxe4 27. Rd8+
Ke7 28. Rb8 Re1+ 29. Kh2 Be5+ 0-1